Statistics for South American Football Leagues: 2016/17

Click here to take the quiz!

General Stats

  • This quiz has been taken 55 times
    (54 since last reset)
  • The average score is 90 of 172

Answer Stats

CountryClub% Correct
ArgentinaBoca Juniors
100%
UruguayClub Atlético River Plate
90%
ChileColo-Colo
90%
BrazilGrêmio
90%
Argentina | EcuadorIndependiente
90%
ParaguayIndependiente FBC
90%
ColombiaIndependiente Medellín
90%
ColombiaIndependiente Santa Fe
90%
ArgentinaRiver Plate
90%
BrazilSantos
90%
PeruAlianza Atlético
86%
BrazilFlamengo
86%
EcuadorUniversidad Católica
86%
PeruAlianza Lima
81%
ColombiaAtlético Nacional
81%
EcuadorBarcelona Sporting Club
81%
Paraguay | UruguayClub Nacional
81%
EcuadorEl Nacional
81%
ArgentinaGodoy Cruz
81%
BrazilPalmeiras
81%
ArgentinaRosario Central
81%
ChileUniversidad Católica
81%
ChileUniversidad de Chile
81%
ChileUniversidad de Concepción
81%
PeruUniversidad San Martín
81%
PeruUniversidad Técnica de Cajamarca
81%
BrazilAtlético Mineiro
76%
BrazilBotafogo
76%
UruguayCA Peñarol
76%
ParaguayClub Olimpia
76%
ArgentinaEstudiantes
76%
VenezuelaEstudiantes de Mérida
76%
ArgentinaVélez Sarsfield
76%
ArgentinaArsenal
71%
BrazilChapecoense
71%
BrazilCorinthians
71%
BrazilFluminense
71%
ArgentinaNewell's Old Boys
71%
ArgentinaSan Lorenzo
71%
BrazilSão Paulo
71%
BrazilAtlético Paranaense
67%
ArgentinaBanfield
67%
BoliviaBolívar
67%
BrazilCruzeiro
67%
VenezuelaDeportivo JBL
67%
ArgentinaLanús
67%
BoliviaThe Strongest
67%
BrazilVasco da Gama
67%
ColombiaAmérica de Cali
62%
ArgentinaBelgrano
62%
VenezuelaCaracas
62%
ArgentinaColón
62%
BrazilCoritiba
62%
ArgentinaGimnasia La Plata
62%
UruguayLiverpool FC
62%
UruguayMontevideo Wanderers
62%
ArgentinaRacing Club
62%
UruguayRacing Club de Montevideo
62%
ChileSantiago Wanderers
62%
BrazilSport
62%
UruguaySud América
62%
ColombiaAlianza Petrolera
57%
UruguayCA Cerro
57%
ParaguayCerro Porteño
57%
ParaguayClub Guaraní
57%
UruguayDanubio FC
57%
ColombiaDeportivo Cali
57%
ArgentinaHuracán
57%
BoliviaJorge Wilstermann
57%
ColombiaMillonarios
57%
PeruSporting Cristal
57%
ArgentinaTigre
57%
PeruUnión Comercio
57%
Bolivia | PeruUniversitario
57%
ArgentinaAtlético Tucumán
52%
ChileAudax Italiano
52%
BrazilBahia
52%
BoliviaBlooming
52%
ChileCobresal
52%
UruguayDefensor Sporting
52%
EcuadorLiga Deportiva Universitaria de Quito
52%
ChilePalestino
52%
ArgentinaTalleres de Córdoba
52%
ArgentinaUnión Santa Fe
52%
ParaguayClub Libertad
48%
EcuadorClub Sport Emelec
48%
ChileDeportes Antofagasta
48%
ChileDeportes Iquique
48%
ColombiaJunior
48%
ChileO'Higgins
48%
BoliviaOriente Petrolero
48%
ArgentinaQuilmes
48%
BoliviaReal Potosí
48%
ParaguaySportivo Luqueño
48%
UruguayCA Fénix
43%
ParaguayClub Rubio Ñu
43%
ArgentinaDefensa y Justicia
43%
EcuadorDelfín
43%
ChileDeportes Temuco
43%
VenezuelaDeportivo Táchira
43%
ChileEverton de Viña del Mar
43%
PeruFBC Melgar
43%
ChileHuachipato
43%
BoliviaNacional Potosí
43%
ColombiaOnce Caldas
43%
ChileUnión Española
43%
BrazilVitória
43%
VenezuelaZamora
43%
ArgentinaAldosivi
38%
BrazilAvaí
38%
VenezuelaDeportivo Anzoátegui
38%
VenezuelaDeportivo Lara
38%
ColombiaEnvigado
38%
UruguayJuventud
38%
ArgentinaOlimpo
38%
ArgentinaPatronato
38%
UruguayPlaza Colonia
38%
PeruReal Garcilaso
38%
BoliviaSan José
38%
ParaguaySol de América
38%
VenezuelaZulia
38%
ColombiaAtlético Bucaramanga
33%
BrazilAtlético Goianiense
33%
UruguayBoston River
33%
VenezuelaCarabobo
33%
EcuadorDeportivo Cuenca
33%
PeruDeportivo Municipal
33%
BoliviaGuabirá
33%
PeruJuan Aurich
33%
VenezuelaMineros
33%
BoliviaPetrolero
33%
BrazilPonte Preta
33%
ColombiaRionegro Águilas
33%
ArgentinaSarmiento
33%
PeruSport Huancayo
33%
VenezuelaTrujillanos
33%
ColombiaAtlético Huila
29%
ArgentinaAtlético Rafaela
29%
PeruAyacucho
29%
EcuadorClub Social Y Deportivo Macará
29%
ColombiaCortuluá
29%
ColombiaDeportes Tolima
29%
ParaguayDeportivo Capiatá
29%
VenezuelaDeportivo La Guaira
29%
ColombiaDeportivo Pasto
29%
EcuadorFuerza Amarilla
29%
ColombiaLa Equidad
29%
ColombiaPatriotas
29%
VenezuelaPortuguesa
29%
ArgentinaSan Martín de San Juan
29%
BoliviaSport Boys
29%
ColombiaTigres FC
29%
EcuadorClan Juvenil
24%
PeruComerciantes Unidos
24%
UruguayEl Tanque Sisley
24%
ParaguayGeneral Díaz
24%
ColombiaJaguares
24%
VenezuelaMetropolitanos
24%
VenezuelaMonagas
24%
EcuadorRiver Ecuador
24%
ArgentinaTemperley
24%
PeruAcademia Cantolao
19%
VenezuelaAragua
19%
VenezuelaAtlético Socopó
19%
VenezuelaAtlético Venezuela
19%
UruguayRampla Juniors
19%
ChileSan Luis de Quillota
19%
ParaguaySportivo Trinidense
19%
PeruSport Rosario
19%

Score Distribution

Percentile by Number Answered

Percent of People with Each Score

Your Score History

You have not taken this quiz since the last reset